000 00688nam a2200241Ia 4500
003 OSt
005 20221005052633.0
006 a|||||r|||| 00| 0
007 ta
008 221004b |||||||| |||| 00| 0 eng d
024 _a65069
037 _cTextual
040 _aCRL
_cCRL
_beng
041 _2eng
_aeng
082 _aX.1(G:55), N2
100 _aBrown Lester R.
245 0 _aSaving the planet ; How to shape an environmentally sustainable global economy.
260 _aLondon
_bEarthscan UK
_c1992
300 _a224p.
_ccm.
650 _aINTERNATIONAL ECONOMIC RELATIONS
942 _hX.1(G:55), N2
_cTEXL
_2cc
999 _c960724
_d960724